00862nam a22002537a 45000010005000000030006000050050017000110080041000280200017000690400030000860500018001160820012001341000022001462450088001682600044002563000066003005050008003665200094003745210030004685210020004986500029005186500025005477000036005729881FISKH20260311123552.0260311b cb ||||| |||| 00| 0 eng d a033500039713 aFISKHb engcFISKHdFISKH aPZ7 .M7128 .W a388.742 aMoche , Dinah L.  aWe're taking an airplane trip /cBy Dianh L. Moche : Illustrated by Carolyn Bracken aNew York : bMerrigold Press , c1982 . a24 unnumbered pages : bcolor illustrations ; c21 X 21 cm .  aJ  aDescribes all the things that two children do and see on their first airplane trip alone.8 a500 bLexile estimate 8 aJ bRaz-Plus  aAirplanesvPicture Books aTravelvPicutre Book aBracken , CarolyneIllustrator